ბათუმის შოთა რუსთაველის სახელმწიფო უნივერსიტეტის ბიბლიოთეკა

ძველი ქართული ლიტერატურის ქრესტომათია. ტ. 2 / (ბიბ.ჩანაწერი № 55914)

000 -ლიდერი
ფიქსირებული სიგრძის საკონტროლო ველი 01791nam a2200253Ia 4500
001 - საკონტროლო ნომერი
საკონტროლო ველი 23012
003 - საკონტროლო ნომრის იდენტიფიკატორი
საკონტროლო ველი GE_BSU
005 - ბოლო ოპერაციის თარიღი და დრო
საკონტროლო ველი 20230615113850.0
008 - ფიქსირებული სიგრძის მონაცემთა ელემენტები - ზოგადი ინფორმაცია
ფიქსირებული სიგრძის საკონტროლო ველი 181216s ||||ge |||||||||||||| ||geo||
040 ## - კატალოგიზაციის წყარო
Transcribing agency GE_BSU
041 ## - ენის კოდი
Language code of text/sound track or separate title geo
245 ## - ცნობა სათაურის შესახებ
Title ძველი ქართული ლიტერატურის ქრესტომათია. ტ. 2 /
Statement of responsibility, etc შედგენილი სოლ. ყუბანეიშვილის მიერ ; რედ. ალ. ბარამიძე ; ყდა, ფორზაცი და ტიტული რენე შმერლინგისა ; თავსართი და ბოლოსართები ტ. შევიაკოვასი.
264 ## - წარმოების, გამოცემის, დისტრიბუციის და სხვა ცნობები
გამოცემის, წარმოების, დისტრიბუციის... ადგილი თბილისი :
გამოცემის, წარმოების, დისტრიბუციის... სახელწოდება სტალინის სახ. თბილისის სახელმწ. უნ-ტის გამ-ბა,
გამოცემის, წარმოების, დისტრიბუციის... თარიღი 1949.
300 ## - ფიზიკური აღწერა
Extent 466 გვ. ;
Dimensions 28 სმ.
500 ## - ზოგადი შენიშვნა
General note დანართი : ლექსიკონი ; გვ. 425-457
500 ## - ზოგადი შენიშვნა
General note საკუთარ სახელთა საძიებელი : გვ. 458-465
504 ## - BIBLIOGRAPHY, ETC. NOTE
Bibliography, etc ბიბლიოგრაფია : ლიტ-რა, წინასიტყვაობაში, ტექსტში და შენიშვნებში
653 ## - INDEX TERM--UNCONTROLLED
Uncontrolled term ძველი ქართული ლიტერატურის ქრესტომათია. ტ.2
653 ## - INDEX TERM--UNCONTROLLED
Uncontrolled term ძველი ქართული ლიტერატურის ქრესტომათიები
700 ## - ADDED ENTRY--PERSONAL NAME
Personal name ყუბანეიშვილი, სოლ.
Relator term შემდგენელი
9 (RLIN) 4992
700 ## - ADDED ENTRY--PERSONAL NAME
Personal name ბარამიძე, ალ.
Relator term რედაქტორი
9 (RLIN) 4433
942 ## - ADDED ENTRY ELEMENTS (KOHA)
Koha item type წიგნი
Source of classification or shelving scheme
ეგზემპლარები
ჩამოწერის სტატუსი დაკარგული ეგზემპლარის სტატუსი კლასიფიკაციის წყარო ან თაროზე გაწყობის სქემა დაზიანების სტატუსი არ გაიცემა მუდმივი მდებარეობა (დაცვის ადგილი) ამჟამინდელი ადგილსამყოფელი თაროზე განთავსების ადგილი შეძენის თარიღი ღირებულება, შესყიდვის ნორმალური ფასი შტრიხკოდი ბოლო ოპერაციის თარიღი ეგზემპლარის მიმდევრობითი ნომერი (კეტერი?) ფასის ძალაში შესვლის თარიღი ეგზემპლარის სახეობა საჯარო შენიშვნა
          ბათუმის შოთა რუსთაველის სახელმწიფო უნივერსიტეტის მთავარი ბიბლიოთეკა ბათუმის შოთა რუსთაველის სახელმწიფო უნივერსიტეტის მთავარი ბიბლიოთეკა წიგნსაცავი 2018-12-17 5.20 58407 2018-12-17 58407 2018-12-17 წიგნი 5.20 ₾.